| 000 | 00458 a2200133 4500 | ||
|---|---|---|---|
| 001 | ART_46680 | ||
| 005 | 20260410162039.0 | ||
| 008 | 260409a | ||
| 245 | 1 | 0 | _aLa facilitación comercial y sus efectos en el comercio bilateral chileno de 2006 a 2014 |
| 100 | 1 | _aFuenzalida-O´Shee, Darcy | |
| 700 | 1 | _aValenzuela-Klagges, Bárbara | |
| 700 | 1 | _aCorvalán-Quiroz, Alejandro | |
| 773 | 0 |
_tRevista Cepal _g- Nº 124 (abr. 2018) _wREV45125 |
|
| 999 |
_c34759 _d34759 |
||